[Event "Chambery op 14th"]
[Site "Chambery"]
[Date "2008.08.05"]
[Round "4"]
[White "Gregoire, Michele"]
[Black "Laurent, Raphael"]
[Result "1-0"]
[WhiteElo "1480"]
[BlackElo "1440"]
[PlyCount "63"]
[EventDate "2008.08.04"]
[EventType "swiss"]
[EventRounds "9"]
[EventCountry "FRA"]
[SourceTitle "EXT 2009"]
[Source "ChessBase"]
[SourceDate "2008.11.26"]
[SourceVersion "1"]
[SourceVersionDate "2008.11.26"]
[SourceQuality "1"]

1. d4 d5 2. Nf3 Nf6 3. Bf4 Bg4 4. e3 e6 5. Nbd2 Bd6 6. Bxd6 Qxd6 7. Be2 Bxf3 8. Nxf3 Nbd7 9. 0-0 c6 10. c4 dxc4 11. Bxc4 b5 12. Bd3 g6 13. Rc1 a6 14. Rc2 0-0 15. Qd2 Rfc8 16. Rfc1 Rc7 17. e4 Ne8 18. e5 Qd5 19. b3 Kg7 20. Qe3 f5 21. Ng5 h6 22. Nh3 Rac8 23. Nf4 Nb6 24. Nxd5 Nxd5 25. Qe1 Kh7 26. Be2 Ng7 27. Bf3 Ne7 28. Qa5 Ne8 29. Qxa6 Kg7 30. Bxc6 Kf7 31. Qxb5 Nxc6 32. Rxc6 1-0

[Event "Loire-ch op 0506"]
[Site "Loire"]
[Date "2006.03.04"]
[Round "5"]
[White "Desassis, Maxence"]
[Black "Gregoire, Michele"]
[Result "1-0"]
[WhiteElo "1590"]
[BlackElo "1410"]
[PlyCount "133"]
[EventDate "2005.11.27"]
[EventType "swiss"]
[EventRounds "6"]
[EventCountry "FRA"]
[SourceTitle "EXT 2008"]
[Source "ChessBase"]
[SourceDate "2007.11.25"]
[SourceVersion "1"]
[SourceVersionDate "2007.11.25"]
[SourceQuality "1"]

1. d4 d5 2. Nf3 e6 3. e3 Bd6 4. Bd3 Nf6 5. Nbd2 0-0 6. b3 Nbd7 7. Bb2 Re8 8. 0-0 e5 9. e4 c6 10. c4 exd4 11. exd5 c5 12. Re1 Ne5 13. Nxe5 Bxe5 14. Nf3 Bg4 15. h3 Bxf3 16. Qxf3 Qd6 17. g3 Re7 18. Bc1 Nd7 19. Bf4 f6 20. Bf5 Nf8 21. Bxe5 fxe5 22. Qd3 g6 23. Bg4 Rc8 24. Re4 Nd7 25. Bxd7 Qxd7 26. Kg2 Rf8 27. Rae1 Qd6 28. f4 Rf5 29. Qe2 exf4 30. gxf4 Ref7 31. Rf1 g5 32. Re8+ Kg7 33. Qe6 R5f6 34. Qxd6 Rxd6 35. fxg5 Rxf1 36. Kxf1 Kf7 37. Rb8 Rd7 38. a3 Kg6 39. b4 b6 40. bxc5 bxc5 41. Rc8 Rf7+ 42. Ke2 Kxg5 43. Rxc5 Re7+ 44. Kd2 Kf4 45. d6 Rd7 46. Rd5 Ke4 47. h4 h6 48. a4 a6 49. h5 a5 50. Ke2 Kf4 51. Rxd4+ Ke5 52. Rd5+ Ke6 53. Ke3 Rg7 54. d7 Rxd7 55. Rxd7 Kxd7 56. Ke4 Kd6 57. Kf5 Kc5 58. Kg6 Kxc4 59. Kxh6 Kc3 60. Kg6 Kb4 61. h6 Kxa4 62. h7 Kb3 63. h8Q a4 64. Qb8+ Ka2 65. Qb4 Ka1 66. Qxa4+ Kb1 67. Kf5 1-0

[Event "Loire-ch op"]
[Site "Loire"]
[Date "2004.05.15"]
[Round "7"]
[White "Rogues, Jean Luc"]
[Black "Gregoire, Michele"]
[Result "1-0"]
[WhiteElo "1500"]
[BlackElo "1499"]
[PlyCount "67"]
[EventDate "2004.01.10"]
[EventType "swiss"]
[EventRounds "9"]
[EventCountry "FRA"]
[SourceTitle "EXT 2008"]
[Source "ChessBase"]
[SourceDate "2007.11.25"]
[SourceVersion "1"]
[SourceVersionDate "2007.11.25"]
[SourceQuality "1"]

1. d4 d5 2. c4 e6 3. Nc3 Nf6 4. e3 Nbd7 5. Bd3 b6 6. Nge2 Bb7 7. 0-0 c5 8. Qc2 Bd6 9. Nb5 Nf8 10. Nxd6+ Qxd6 11. dxc5 bxc5 12. Ng3 Ng6 13. e4 d4 14. Bg5 Ng4 15. f3 N4e5 16. f4 Nxd3 17. Qxd3 f6 18. e5 Qe7 19. exf6 gxf6 20. f5 Ne5 21. Qe2 d3 22. Qe1 0-0 23. Bf4 Rad8 24. Bxe5 fxe5 25. Qxe5 Rf6 26. Nh5 Rxf5 27. Rxf5 Rf8 28. Rg5+ Qxg5 29. Qxg5+ Kf7 30. Rf1+ Ke8 31. Ng7+ Kd7 32. Rxf8 Kc7 33. Nxe6+ Kb6 34. Qxc5+ 1-0

[Event "Loire-ch op"]
[Site "Loire"]
[Date "2004.03.20"]
[Round "5"]
[White "Mialon, Franck"]
[Black "Gregoire, Michele"]
[Result "1-0"]
[WhiteElo "1290"]
[BlackElo "1499"]
[PlyCount "59"]
[EventDate "2004.01.10"]
[EventType "swiss"]
[EventRounds "9"]
[EventCountry "FRA"]
[SourceTitle "EXT 2008"]
[Source "ChessBase"]
[SourceDate "2007.11.25"]
[SourceVersion "1"]
[SourceVersionDate "2007.11.25"]
[SourceQuality "1"]

1. e4 e6 2. d4 d5 3. Nc3 Ne7 4. e5 Nbc6 5. Nf3 h6 6. Be2 g5 7. 0-0 Bg7 8. Nd2 Nxd4 9. Bh5 0-0 10. h4 gxh4 11. Qg4 Nef5 12. Nb3 Nxb3 13. axb3 Bd7 14. Ne2 c5 15. b4 c4 16. Nd4 Kh8 17. Nxf5 exf5 18. Qd4 Qe7 19. Re1 Be6 20. Ra3 f6 21. exf6 Qxf6 22. Qf4 b5 23. Rh3 a5 24. Rxh4 Ra6 25. Qg3 axb4 26. Bg6 Rg8 27. Bxh6 Bxh6 28. Rxh6+ Kg7 29. Rh7+ Kf8 30. Qb8+ 1-0

[Event "Loire-ch op"]
[Site "Loire"]
[Date "2004.01.10"]
[Round "2"]
[White "Gregoire, Michele"]
[Black "Vier, Serge"]
[Result "0-1"]
[WhiteElo "1499"]
[BlackElo "1730"]
[PlyCount "96"]
[EventDate "2004.01.10"]
[EventType "swiss"]
[EventRounds "9"]
[EventCountry "FRA"]
[SourceTitle "EXT 2008"]
[Source "ChessBase"]
[SourceDate "2007.11.25"]
[SourceVersion "1"]
[SourceVersionDate "2007.11.25"]
[SourceQuality "1"]

1. d4 d5 2. g3 Nf6 3. Bg2 e6 4. e3 c5 5. Ne2 Nc6 6. 0-0 Bd7 7. b3 Rc8 8. Ba3 b6 9. dxc5 Bxc5 10. Bxc5 bxc5 11. Nbc3 0-0 12. Na4 Qe7 13. c4 Nb4 14. a3 Bxa4 15. axb4 Bc6 16. b5 Ba8 17. Ra6 Rfd8 18. Nf4 dxc4 19. Qc2 Bxg2 20. Nxg2 cxb3 21. Qxb3 c4 22. Qc2 Qc5 23. Rb1 Nd5 24. Ra4 Rc7 25. Rxc4 Qxc4 26. Qxc4 Rxc4 27. h4 Rdc8 28. Kh2 Rb4 29. Ra1 Rxb5 30. Rxa7 g6 31. e4 Nc3 32. Nf4 Nxe4 33. f3 Rb2+ 34. Ng2 Rcc2 35. fxe4 h5 36. Ra1 Rxg2+ 37. Kh1 Rh2+ 38. Kg1 Rbg2+ 39. Kf1 Rxg3 40. Re1 Rh1+ 41. Kf2 Rxe1 42. Kxg3 Kg7 43. Kf3 Kf6 44. Kf4 e5+ 45. Kf3 g5 46. hxg5+ Kxg5 47. Kf2 Rxe4 48. Kf3 Ra4 0-1